Panchatantra (Record no. 8331)

MARC details
000 -LEADER
fixed length control field 00363nam a2200169Ia 4500
005 - DATE AND TIME OF LATEST TRANSACTION
control field 20240716163415.0
008 - FIXED-LENGTH DATA ELEMENTS--GENERAL INFORMATION
fixed length control field 240716s9999 xx 000 0 und d
020 ## - INTERNATIONAL STANDARD BOOK NUMBER
International Standard Book Number 9788174113979
082 ## - DEWEY DECIMAL CLASSIFICATION NUMBER
Classification number 891.45309
100 ## - MAIN ENTRY--PERSONAL NAME
Main Author Name Bibudharanjan
245 #0 - TITLE STATEMENT
Title Panchatantra
260 ## - PUBLICATION, DISTRIBUTION, ETC.
publisher Name Puri, Prajnaloka
260 ## - PUBLICATION, DISTRIBUTION, ETC.
Date of publication 2016
300 ## - PHYSICAL DESCRIPTION
Number Of Page 192
942 ## - ADDED ENTRY ELEMENTS (KOHA)
Koha item type Text Books
Holdings
Lost status Not for loan Home library Current library Date last seen Koha item type Total Checkouts Full call number Barcode Date last checked out Cost, replacement price Price effective from Withdrawn status Date acquired Source of acquisition Cost, normal purchase price Bill Date Bill No
    BGU Central Library BGU Central Library 10/02/2025 Text Books 2 891.45309 RAN 12657 12/01/2025 150.00 16/07/2024   16/07/2024 A.K. Mishra Agencies (P) LTD. 150.00 2024-07-13 AKMBH/2024/2276

Maintained and Designed by
2cqr automation private limited, Chennai. All Rights Reserved.

You are Visitor Number

PHP Hits Count